header

The power of deduction : (Record no. 75951)

MARC details
000 -LEADER
fixed length control field 01716nam a2200373 i 4500
001 - CONTROL NUMBER
control field ebr10929616
003 - CONTROL NUMBER IDENTIFIER
control field CaPaEBR
006 - FIXED-LENGTH DATA ELEMENTS--ADDITIONAL MATERIAL CHARACTERISTICS--GENERAL INFORMATION
fixed length control field m o d
007 - PHYSICAL DESCRIPTION FIXED FIELD--GENERAL INFORMATION
fixed length control field cr cn|||||||||
008 - FIXED-LENGTH DATA ELEMENTS--GENERAL INFORMATION
fixed length control field 100713t20102011wiua ob 001 0 eng|d
020 ## - INTERNATIONAL STANDARD BOOK NUMBER
Cancelled/invalid ISBN 9780873897969 (hardcover : alk. paper)
Cancelled/invalid ISBN 087389796X (hardcover : alk. paper)
International Standard Book Number 9780873897969 (e-book)
040 ## - CATALOGING SOURCE
Original cataloging agency CaPaEBR
Language of cataloging eng
Description conventions rda
-- pn
Transcribing agency CaPaEBR
035 ## - SYSTEM CONTROL NUMBER
System control number (OCoLC)893681487
050 14 - LIBRARY OF CONGRESS CALL NUMBER
Classification number TA169.5
Item number .A58 2010eb
082 04 - DEWEY DECIMAL CLASSIFICATION NUMBER
Classification number 620/.00452
Edition number 22
100 1# - MAIN ENTRY--PERSONAL NAME
Personal name Anleitner, Michael A.,
Relator term author.
245 14 - TITLE STATEMENT
Title The power of deduction :
Remainder of title failure modes and effects analysis for design /
Statement of responsibility, etc Michael A. Anleitner.
264 #1 - PRODUCTION, PUBLICATION, DISTRIBUTION, MANUFACTURE, AND COPYRIGHT NOTICE
Place of production, publication, distribution, manufacture Milwaukee, Wisconsin :
Name of producer, publisher, distributor, manufacturer ASQ Quality Press,
Date of production, publication, distribution, manufacture, or copyright notice 2010.
Date of production, publication, distribution, manufacture, or copyright notice �2011
300 ## - PHYSICAL DESCRIPTION
Extent 1 online resource (208 pages) :
Other physical details illustrations
336 ## - CONTENT TYPE
Content type term text
Source rdacontent
337 ## - MEDIA TYPE
Media type term computer
Source rdamedia
338 ## - CARRIER TYPE
Carrier type term online resource
Source rdacarrier
504 ## - BIBLIOGRAPHY, ETC. NOTE
Bibliography, etc Includes bibliographical references (pages 187-188) and index.
588 ## - SOURCE OF DESCRIPTION NOTE
Source of description note Description based on print version record.
590 ## - LOCAL NOTE (RLIN)
Local note Electronic reproduction. Palo Alto, Calif. : ebrary, 2014. Available via World Wide Web. Access may be limited to ebrary affiliated libraries.
650 #0 - SUBJECT ADDED ENTRY--TOPICAL TERM
Topical term or geographic name as entry element System failures (Engineering)
655 #0 - INDEX TERM--GENRE/FORM
Genre/form data or focus term Electronic books.
776 08 - ADDITIONAL PHYSICAL FORM ENTRY
Display text Print version:
Main entry heading Anleitner, Michael A.
Title Power of deduction : failure modes and effects analysis for design.
Place, publisher, and date of publication Milwaukee, Wisconsin : ASQ Quality Press, 2010
Physical description xiii, 194 pages ; 24 cm
International Standard Book Number 9780873897969
Record control number (OCoLC)ocn648146724
-- (DLC)10929616
797 2# - LOCAL ADDED ENTRY--CORPORATE NAME (RLIN)
Corporate name or jurisdiction name as entry element ebrary.
856 40 - ELECTRONIC LOCATION AND ACCESS
Uniform Resource Identifier <a href="http://site.ebrary.com/lib/rucke/Doc?id=10929616">http://site.ebrary.com/lib/rucke/Doc?id=10929616</a>
Public note An electronic book accessible through the World Wide Web; click to view

No items available.

© 2026 Rongo University
Contact us: librarian | system librarian | Rongo university